01204 a2200181 4500003000500000005001700005020001800022040000900040082001600049100001900065245006100084250001600145260003800161300001100199505075400210650003400964700002400998Nust20220811085151.0 a9780070634558 cNust a621.381,MIL aMillman, Jacob aMillman's electronic devices & circuits /cJacob Millman a2nd Edition aNew DelhibTata McGraw-Hillc2007 a656 p. aElectron Ballistics and Applications (Page-1), Energy Levels and Energy Bands (Page-41), Conduction in Metals (Page-59), Conduction in Semiconductors (Page-83), Semiconductor-Diode Characteristics (Page-111),. Applications of Diode (Page-177), Transistor Characteristics (Page-247), Transistor Biasing and Thermal Stabilization (Page-284). Small-Signal Low-Frequency Transistor Model (Page-317). Low-Frequency Transistor Amplifier Circuits (Page-343), The High-Frequency Transistor (Page-381), Field-Effect Transistors (Page-401), Integrated Circuits (Page-434), Untuned Amplifiers (Page-462) Feedback Amplifiers and Oscillators (Page-487), Large-Signal Amplifiers (Page-563), Photoelectric Devices(Page-583), Regulated Power Supplies (Page-616). aTelecommunication Engineering aChristos C. Halkias